| 000 | 00510nam a2200169 a 4500 | ||
|---|---|---|---|
| 005 | 20140412111258.0 | ||
| 008 | 001117s19uu xx 00 eng d | ||
| 020 | _a0-356-11104-0 | ||
| 050 |
_aM 428.6 _bF81 1974 |
||
| 100 | _aFoster, Leslie | ||
| 245 |
_aGoing places maths / _cwritten and planned by Leslie Foster ; illustrated by Geoff Hacking. |
||
| 260 |
_aLondon : _bMacdonald Educational, _c1974. |
||
| 300 | _a27 p. ; ill. | ||
| 440 | _aStarter Maths | ||
| 650 | _aReaders -- 1950 | ||
| 999 |
_c103266 _d103266 |
||